004820000a2200145000450024500910000065000250009165000180011665000130013465000200014765100270016704100130019470000220020710000190022977300880024810aHolotypes of recent mammals in the museum of natural history, the University of Kansas14aSistemática animal14aMurciélagos14aRoedores14aPaleontología 4dKansaspEstados Unidos0 aInglés1 aGenoways, Hugh H.1 aJones, J. Knox1 tUniversity of Kansas Publications Museum of Natural History3490q129-146d1969g51